Interior immigration enforcement policy and the subjective well-being of US residents: Evidence from secure communities

Gespeichert in:  
Bibliographische Detailangaben
1. VerfasserIn: Gunadi, Christian (Verfasst von)
Medienart: Elektronisch Aufsatz
Sprache:Englisch
Veröffentlicht: 2019
In: Applied economics letters
Jahr: 2019
Online-Zugang: Volltext (lizenzpflichtig)
Verfügbarkeit prüfen: HBZ Gateway

MARC

LEADER 00000caa a22000002c 4500
001 1912595001
003 DE-627
005 20250113054958.0
007 cr uuu---uuuuu
008 241217s2019 xx |||||o 00| ||eng c
024 7 |a 10.1080/13504851.2019.1584358  |2 doi 
035 |a (DE-627)1912595001 
035 |a (DE-599)KXP1912595001 
040 |a DE-627  |b ger  |c DE-627  |e rda 
041 |a eng 
084 |a 2,1  |2 ssgn 
100 1 |a Gunadi, Christian  |e VerfasserIn  |4 aut 
245 1 0 |a Interior immigration enforcement policy and the subjective well-being of US residents: Evidence from secure communities 
264 1 |c 2019 
336 |a Text  |b txt  |2 rdacontent 
337 |a Computermedien  |b c  |2 rdamedia 
338 |a Online-Ressource  |b cr  |2 rdacarrier 
773 0 8 |i Enthalten in  |t Applied economics letters  |d New York, NY : Routledge, 1994  |g (2019)  |h Online-Ressource  |w (DE-627)301514062  |w (DE-600)1484783-8  |w (DE-576)08870467X  |x 1466-4291  |7 nnas 
773 1 8 |g year:2019 
787 0 8 |i Forschungsdaten  |a American National Election Studies; Stanford University  |t ANES Time Series Cumulative Data File (1948-2012) 
856 4 0 |u https://doi.org/10.1080/13504851.2019.1584358  |x Resolving-System  |z lizenzpflichtig  |3 Volltext  |7 1 
935 |a mkri 
951 |a AR 
ELC |a 1 
LOK |0 000 xxxxxcx a22 zn 4500 
LOK |0 001 4637560527 
LOK |0 003 DE-627 
LOK |0 004 1912595001 
LOK |0 005 20241217044618 
LOK |0 008 241217||||||||||||||||ger||||||| 
LOK |0 035   |a (DE-2619)ICPSR137098 
LOK |0 040   |a DE-2619  |c DE-627  |d DE-2619 
LOK |0 092   |o n 
LOK |0 852   |a DE-2619 
LOK |0 852 1  |9 00 
LOK |0 935   |a nacp 
LOK |0 939   |a 17-12-24  |b l01 
ORI |a SA-MARC-krimdoka001.raw